Way paved for asbestos register (Record no. 63796)

MARC details
000 -LEADER
fixed length control field 00619cam a2200169 4500
001 - CONTROL NUMBER
control field WB3623-16
008 - FIXED-LENGTH DATA ELEMENTS--GENERAL INFORMATION
fixed length control field 000000n2000 000 0 eng u
035 ## - SYSTEM CONTROL NUMBER
System control number (Sirsi) u106492
245 ## - TITLE STATEMENT
Title Way paved for asbestos register
260 ## - PUBLICATION, DISTRIBUTION, ETC.
Date of publication, distribution, etc. 2000
490 ## - SERIES STATEMENT
Series statement Construction News
Volume/sequential designation (6670) 15 June 2000, 1(1)
520 ## - SUMMARY, ETC.
Summary, etc. The HSC outlines plans to register all buildings contaminated with asbestos. Under proposals surveys would have to be carried out and records kept of the exact location and condition of the asbestos.
590 ## - LOCAL NOTE (RLIN)
Local note WB
650 ## - SUBJECT ADDED ENTRY--TOPICAL TERM
Topical term or geographic name entry element ASBESTOS REGISTER
690 ## - LOCAL SUBJECT ADDED ENTRY--TOPICAL TERM (OCLC, RLIN)
Topical term or geographic name as entry element Health and safety
9 (RLIN) 6244
942 ## - ADDED ENTRY ELEMENTS (KOHA)
Suppress in OPAC 0
Holdings
Withdrawn status Lost status Source of classification or shelving scheme Damaged status Not for loan Home library Current library Shelving location Date acquired Total Checkouts Full call number Barcode Date last seen Copy number Price effective from Koha item type
    Dewey Decimal Classification     London London News article 15/06/2000   WB3623-16 106492-1001 06/08/2019 1 06/08/2019 News article